Statistics for Geography by Random Letter

Click here to take the quiz!

General Stats

  • This quiz has been taken 24 times
  • The average score is 16 of 22

Answer Stats

LetterHintAnswer% Correct
TStrait between Australia and New ZealandTasman
95%
AThe first country in alphabetical orderAfghanistan
91%
ACountry that is sometimes said to be a continentAustralia
91%
EIts capital is Addis AbabaEthiopia
91%
IFour letter country in the Middle EastIran / Iraq
91%
NCapital of KenyaNairobi
91%
OOnly country that begins with this letterOman
91%
RLong European riverRhine
91%
W"Country" in the United KingdomWales
91%
EA country that borders No.3Eritrea
86%
NCountry in Africa with the same name as a river running through itNiger
86%
SCapital of SwedenStockholm
86%
ACity with the worlds busiest airportAtlanta
82%
TOceanic country who's flag is only red and whiteTonga
82%
SIsland of the west coast of AfricaSão Tomé
77%
HLarge island off China's southern coastHainan
64%
SLargest city in HokkaidoSapporo
59%
MSecond largest island in the PhilippinesMindanao
50%
NSecond largest island in the worldNew Guinea
45%
OSecond largest city in AlgeriaOran
45%
EFamous volcano in AntarcticaMount Erebus
27%
TExtinct animal that used to live in TasmaniaTasmanian tiger
23%

Score Distribution

Percentile by Number Answered

Percent of People with Each Score

Your Score History

You have not taken this quiz